Japanese management in historical perspective : proceedings of the Fuji Conference

Saved in:
Bibliographic Details
Format: Book
Language:Undetermined
Published: Tokyo University of Tokyo Press 1989
Subjects:
Tags: Add Tag
No Tags, Be the first to tag this record!
Institutions: Trung tâm Học liệu Trường Đại học Cần Thơ
LEADER 00621nam a2200193Ia 4500
001 CTU_85743
008 210402s9999 xx 000 0 und d
082 |a 658.00952 
082 |b I.61 
245 0 |a Japanese management in historical perspective : 
245 0 |b proceedings of the Fuji Conference 
245 0 |c International Conference on Business History; edited by Tsunehiko Yui, Keiichiro Nakagawa 
260 |a Tokyo 
260 |b University of Tokyo Press 
260 |c 1989 
650 |a Industrial management 
650 |x History 
904 |i Năm 
980 |a Trung tâm Học liệu Trường Đại học Cần Thơ